000
00275nam a22001217a 4500
040
_c
rua
082
_a
100 PET 2002 A103 Or.
100
_a
Peter Afflerbach
245
_a
Reading for florida
260
_a
Phnom Penh
_b
RUA
_c
2012
300
_a
482p
_b
ill;
_c
29cm';
942
_c
EK
999
_c
22751
_d
22751